000 00287nam a22001457a 4500
003 SGT
082 _a612
_bC13V
100 _aVAS , C.CHICOT
245 _aCLINICAL EEG
250 _a1ST
260 _aDELHI
_bANE BOOKS
_c2013
300 _a2013
650 _aCLINICAL
942 _2ddc
_cBK
_03
999 _c8721
_d8721